Curso elemental de derecho natural

Saved in:
書目詳細資料
主要作者: Taparelli, Luis (Author)
格式: 圖書
語言:西班牙语
出版: París A. Bouret 1875
主題:
標簽: 添加標簽
沒有標簽, 成為第一個標記此記錄!

MARC

LEADER 00000nam a2200000 a 4500
001 UCS9453
003 CL-VaPUC
008 971113e18750000FR |||||||||||||||||spa|d
082 0 4 |a 340.112  |b TAP  |2 21 
100 0 |a Taparelli, Luis  |e author  |9 394444 
245 1 0 |a Curso elemental de derecho natural 
300 |a 431 p 
942 |c BK 
945 |d 19971113 00:00:00  |a aolguin 
260 |a París  |b A. Bouret  |c 1875 
650 0 |a Derecho natural   |9 255041 
650 0 |a Naturaleza humana   |9 308593 
650 0 |a Conducta humana   |9 269906 
650 7 |a DEBERES  |2 CL-VaPUC  |9 334588 
650 0 |a Moral  |9 265913 
650 7 |a SOCIEDAD HUMANA  |2 CL-VaPUC  |9 394445 
650 0 |a Acción social  |9 307836 
650 7 |a ORDEN CIVIL  |2 CL-VaPUC  |9 394446 
650 7 |a ORDEN MORAL  |2 CL-VaPUC  |9 334570 
650 7 |a ORDEN POLITICO  |2 CL-VaPUC  |9 391801 
650 0 |a Autoridad   |9 257105 
650 7 |a DERECHOS POLITICOS  |2 CL-VaPUC  |9 314666 
650 7 |a LEY  |2 CL-VaPUC  |9 394447 
650 7 |a PODER  |2 CL-VaPUC  |9 394448 
650 0 |a Derecho internacional  |9 255637 
650 0 |a Derecho civil  |9 255013 
583 |a last modification  |c 19971113 00:00:00  |k Rodrigo Vera 
999 |c 263254  |d 263252 
952 |0 0  |1 0  |4 0  |6 340_112000000000000_TAP_1875  |7 0  |8 DER_TF  |9 292446  |a BIBDER  |b BIBDER  |d 2019-11-19  |i 1898043  |o 340.112 TAP 1875  |p 1898043  |r 2023-01-25  |w 2019-11-19  |x Ubicación 4to Piso  |y BK_X  |z Estos recursos deben solicitarse con anticipación  |k DER